<?xml version="1.0" encoding="UTF-8"?><?xml-stylesheet type="text/xsl" href="static/style.xsl"?><OAI-PMH xmlns="http://www.openarchives.org/OAI/2.0/" xmlns:xsi="http://www.w3.org/2001/XMLSchema-instance" xsi:schemaLocation="http://www.openarchives.org/OAI/2.0/ http://www.openarchives.org/OAI/2.0/OAI-PMH.xsd"><responseDate>2026-04-27T08:20:34Z</responseDate><request verb="GetRecord" identifier="oai:uvadoc.uva.es:10324/51987" metadataPrefix="marc">https://uvadoc.uva.es/oai/request</request><GetRecord><record><header><identifier>oai:uvadoc.uva.es:10324/51987</identifier><datestamp>2025-02-13T09:12:52Z</datestamp><setSpec>com_10324_38</setSpec><setSpec>col_10324_852</setSpec></header><metadata><record xmlns="http://www.loc.gov/MARC21/slim" xmlns:doc="http://www.lyncode.com/xoai" xmlns:xsi="http://www.w3.org/2001/XMLSchema-instance" xmlns:dcterms="http://purl.org/dc/terms/" xsi:schemaLocation="http://www.loc.gov/MARC21/slim http://www.loc.gov/standards/marcxml/schema/MARC21slim.xsd">
<leader>00925njm 22002777a 4500</leader>
<datafield tag="042" ind1=" " ind2=" ">
<subfield code="a">dc</subfield>
</datafield>
<datafield tag="720" ind1=" " ind2=" ">
<subfield code="a">Muñoz Sancho, Mario</subfield>
<subfield code="e">author</subfield>
</datafield>
<datafield tag="260" ind1=" " ind2=" ">
<subfield code="c">2021</subfield>
</datafield>
<datafield tag="520" ind1=" " ind2=" ">
<subfield code="a">Con la elaboración de este trabajo buscamos conocer el papel que juega la sentencia en dos aspectos. Por un lado, en el plano interno, identificando su lugar dentro del proceso jurisdiccional y aislándola en su caso, para someterla a un profundo y detallado análisis normativo dentro de esta actividad judicial y, en uno externo, como un acto procesal emanado del juzgador expresión de la voluntad jurisdiccional que afecta a la realidad jurídica material.</subfield>
</datafield>
<datafield tag="024" ind2=" " ind1="8">
<subfield code="a">https://uvadoc.uva.es/handle/10324/51987</subfield>
</datafield>
<datafield tag="245" ind1="0" ind2="0">
<subfield code="a">La sentencia en el proceso civil (Análisis jurisprudencial)</subfield>
</datafield>
</record></metadata></record></GetRecord></OAI-PMH>